The georgians. (Record no. 16980)
[ view plain ]
| 000 -LEADER | |
|---|---|
| fixed length control field | 00721nam a2200253Ia 4500 |
| 001 - CONTROL NUMBER | |
| control field | AUWbook000930 |
| 003 - CONTROL NUMBER IDENTIFIER | |
| control field | BDCtgAUW |
| 005 - DATE AND TIME OF LATEST TRANSACTION | |
| control field | 20260406154940.0 |
| 008 - FIXED-LENGTH DATA ELEMENTS--GENERAL INFORMATION | |
| fixed length control field | 220908s9999 xx 000 0 eng d |
| 040 ## - CATALOGING SOURCE | |
| Original cataloging agency | BDCtgAUW |
| Transcribing agency | BDCtgAUW |
| 050 ## - LIBRARY OF CONGRESS CALL NUMBER | |
| Classification number | DK511.G44L28 |
| 100 1# - MAIN ENTRY--PERSONAL NAME | |
| Personal name | Lang, Davis Marshall. |
| 9 (RLIN) | 7383 |
| 245 #0 - TITLE STATEMENT | |
| Title | The georgians. |
| 260 ## - PUBLICATION, DISTRIBUTION, ETC. | |
| Place of publication, distribution, etc. | New York : |
| Name of publisher, distributor, etc. | Frederick A. Praeger, |
| Date of publication, distribution, etc. | 1996. |
| 490 1# - SERIES STATEMENT | |
| Series statement | Ancient peoples and places |
| 650 #0 - SUBJECT ADDED ENTRY--TOPICAL TERM | |
| Topical term or geographic name entry element | Georgia (Republic) |
| General subdivision | Civilization. |
| 9 (RLIN) | 79461 |
| 650 #0 - SUBJECT ADDED ENTRY--TOPICAL TERM | |
| Topical term or geographic name entry element | Georgia (Republic) |
| General subdivision | History |
| Chronological subdivision | To 1801. |
| 9 (RLIN) | 79462 |
| 650 #0 - SUBJECT ADDED ENTRY--TOPICAL TERM | |
| Topical term or geographic name entry element | History of Russia. |
| 650 #0 - SUBJECT ADDED ENTRY--TOPICAL TERM | |
| Topical term or geographic name entry element | Russian poetry |
| General subdivision | Georgian influences. |
| 9 (RLIN) | 79463 |
| 887 ## - NON-MARC INFORMATION FIELD | |
| Content of non-MARC field | BRAC |
| Source of data | 2982 |
| 888 ## - | |
| -- | 2982 |
| 942 ## - ADDED ENTRY ELEMENTS (KOHA) | |
| Koha item type | Books |
| Source of classification or shelving scheme | Library of Congress Classification |
| 945 ## - LOCAL PROCESSING INFORMATION (OCLC) | |
| c | BK |
No items available.